Who Was the First (Science) - Statistics

General Stats
  • This quiz has been taken 11 times
  • The average score is 6 of 11
Answer Stats
Hint Answer % Correct
Who was the first to step foot on the Moon? Neil Armstrong
100%
Who was the first to formulate the law of universal gravitation? Isaac Newton
91%
Who was the first woman to win a Nobel Prize? Marie Curie
91%
Who was the first to fly a powered airplane? The Wright Brothers
91%
Who was the first to propose that the Earth revolves around the Sun Nicolaus Copernicus
82%
Who was the first human to travel into space? Yuri Gagarin
64%
Who was the first to discover radioactivity? Henri Becquerel
36%
Who was the first to propose that the Earth is round? Pythagoras
18%
Who was the first woman in space? Valentina Tereshkova
18%
Who was the first person to win a Nobel Prize for Physics? Wilhelm Röntgen
9%
Who was the first person to identify the planet Neptune? Johann Gottfried Galle
0%
No matching quizzes found
Score Distribution
Percent of People with Each Score
Percentile by Number Answered
Your Score History
You have not taken this quiz